| Поле | Инд. | ПП | Название | Значение |
|---|---|---|---|---|
| Тип записи | a | |||
| Библиографический уровень | m | |||
| 001 | Контрольный номер | 9f795c147a214cb4b24627db5f2ee77b | ||
| 005 | Дата корректировки | 20240326144848.9 | ||
| 008 | Кодируемые данные | 240326s2018 ru |||||||||||000|||rus|d | ||
| 020 | a | ISBN | 978-5-4444-6568-4 | |
| 040 | a | Служба первич. каталог. | ЦГБ г. В. Луки | |
| b | Код языка каталог. | rus | ||
| 041 | 0_ | a | Код языка текста | rus |
| 084 | 2 | Источник индекса | rubbk | |
| a | Индекс другой классификации/Индекс ББК | 63.3(0) | ||
| 090 | x | Авторский знак | В 67 | |
| j | Имя библиотеки | ЦГБ г. В. Луки | ||
| 097 | b | Оператор | САВ | |
| 100 | 1_ | a | Автор | Волков Александр Викторович |
| 245 | 10 | a | Заглавие | Сто великих научных мифов |
| b | Продолж. заглавия | 12+ | ||
| c | Ответственность | А. В. Волков | ||
| 260 | a | Место издания | Москва | |
| b | Издательство | Вече | ||
| c | Дата издания | 2018 | ||
| 300 | a | Объем | 415 с. | |
| b | Иллюстрации/ тип воспроизводства | ил. | ||
| 490 | 00 | a | Заглавие серии | 100 великих |
| 650 | 14 | a | Основная рубрика | Всемирная история |
| 653 | 1_ | a | Ключевые слова | физика; астрономия; химия; география; геология; биология; медицина; анатомия; психология; история; антропология; лингвистика |
| 901 | t | Тип документа | m |